00769cam a2200217 a 450000100100000000500170001000800410002702000180006804000250008608200160011110000510012724000100017824500810018826000380026930000210030749000420032870000410037004900090041195201140042099900170053400003529920200930074235.0790517s2010 sp 000 0 spa d a9788497644792 aDO-SdBNPbspacBNPHU axxxxbG599f1 aGoethe, Johann Wolfgang Von,d1749-183291299510aFaust10aFausto /cJohann Wolfgang Goethe ;traducción Enriquez López Castellón. aEspaña :bEdimat Libros,c2010. a313 p. ;c18 cm.1 aClásico de la literatura dominicana12aLópez Castellón, Enriquez961067 aBNGR 001050718MOaGRbGRcHDd2011-10-27iLF1l0oxxxx G599fp35299-10r2020-06-25w2020-06-25y1ZNo se presta c34790d34790